Datum a čas kvízu
29
Celkem bodů
Celkový počet nahraných bodů na tomto kvízu bez doplňovacích otázek.
8.
Pořadí na kvízu
Konečné umístění týmu na tomto kvízu.
Zaznamenané odpovědi
| # | Otázka | Odpověď | Body | Výsledky |
|---|---|---|---|---|
| 1. | Mezi první zdravotní úkony, kt... | tetanus, záškrt, dětská obrna | 0 | |
| 2. | Kolik je vývojových fází dětst... | 7 | 0 | |
| 3. | Jedním z velkých výrobců potře... | NUK | 0 | |
| 4. | Halí, belí, koně v zelí a ___... | Hříbátka v petrželi | 1 | |
| 5. | Na závěr si dovolíme jeden osl... | z Guatemaly | 0 | |
| 6. | V 18. století se udála celá řa... | o Velké Británii | 1 | |
| 7. | V roce 1756 započala válka, kt... | sedmiletá válka | 1 | |
| 8. | Který z těchto amerických otců... | D | 0 | |
| 9. | Velká francouzská revoluce zap... | 14. července | 0 | |
| 10. | Nesmíme zapomenout na historii... | Raab | 0 |